The select Gokhale. (Record no. 88217)
[ view plain ]
| 000 -LEADER | |
|---|---|
| fixed length control field | 00774nam a2200241 4500 |
| 001 - CONTROL NUMBER | |
| control field | sa 68018171 |
| 003 - CONTROL NUMBER IDENTIFIER | |
| control field | DLC |
| 005 - DATE AND TIME OF LATEST TRANSACTION | |
| control field | 20260227112709.0 |
| 008 - FIXED-LENGTH DATA ELEMENTS--GENERAL INFORMATION | |
| fixed length control field | 710805s1968 ii c b 001 0aeng |
| 010 ## - LIBRARY OF CONGRESS CONTROL NUMBER | |
| LC control number | sa 68018171 |
| 025 ## - OVERSEAS ACQUISITION NUMBER | |
| Overseas acquisition number | PL480:I-E-10973 |
| 040 ## - CATALOGING SOURCE | |
| Original cataloging agency | DLC |
| Transcribing agency | DLC |
| Modifying agency | DLC |
| 050 00 - LIBRARY OF CONGRESS CALL NUMBER | |
| Classification number | DS479.1.G6 |
| Item number | A25 1968 |
| 100 1# - MAIN ENTRY--PERSONAL NAME | |
| Personal name | Gokhale, Gopal Krishna, |
| Dates associated with a name | 1866-1915. |
| 245 14 - TITLE STATEMENT | |
| Title | The select Gokhale. |
| Statement of responsibility, etc. | Compiled and edited by R. P. Patwardhan. |
| 260 ## - PUBLICATION, DISTRIBUTION, ETC. | |
| Place of publication, distribution, etc. | New Delhi, |
| Name of publisher, distributor, etc. | Maharashtra Information Centre |
| Date of publication, distribution, etc. | [1968] |
| 300 ## - PHYSICAL DESCRIPTION | |
| Extent | xxiii, 432 p. |
| Other physical details | port. |
| Dimensions | 22 cm. |
| 350 ## - PRICE (NR) (BK AM CF MU VM SE) [OBSOLETE] | |
| Price | 4.30 |
| 500 ## - GENERAL NOTE | |
| General note | Sequel to Gopal Krishna Gokhale, a centenary tribute. |
| 504 ## - BIBLIOGRAPHY, ETC. NOTE | |
| Bibliography, etc. note | Bibliographical footnotes. |
| 600 10 - SUBJECT ADDED ENTRY--PERSONAL NAME | |
| Personal name | Gokhale, Gopal Krishna, |
| Dates associated with a name | 1866-1915. |
| 700 1# - ADDED ENTRY--PERSONAL NAME | |
| Personal name | Patwardhan, R. P., |
| Relator term | ed. |
No items available.